000 00329nam a2200133Ia 4500
008 220216s9999 xx 000 0 und d
100 _aGeorge K.T.
245 0 _aLatex thread: Technical upgradation vital
260 _bRubber Asia
_c1988
300 _a45-48
650 _aLatex industry
650 _aLatex thread
942 _cBS
999 _c49672
_d49672